000 01971cam a22004814i 4500
003 PE-LiUPU
005 20250731173109.0
008 181213s2018 tnu r 001 0 eng d
020 _a1540960641
020 _a9781540960641
035 _a(Sirsi) a251043
040 _aPE-LiUPU
_bspa
_cPE-LiUPU
_erda
049 _aPRUA
082 0 4 _a286
_bH53
_223
100 1 _aHildreth, D. Scott,
_eautor.
245 1 0 _aTogether on God's mission :
_bhow Southern Baptists cooperate to fulfill the Great Commission /
_cD. Scott Hildreth.
264 1 _aNashville :
_bB&H Academic,
_c[2018].
300 _axv, 94 páginas ;
_c23 centímetros
336 _atext
_2rdacontent
337 _aunmediated
_2rdamedia
338 _avolume
_2rdacarrier
504 _aÍndice: páginas 89-94.
505 0 _aThe historical development of the Southern Baptist Convention -- From Missionary Society to a Convention of Churches -- The SBC Adopts a Cooperative Identity -- How Southern Baptists cooperate on mission -- God's Mission and the Mission of His People -- Our God is a Missionary God -- God's Mission and God's People -- The Early Church and Its Cooperative Mission -- Southern Baptists: A People Pursuing God's Mission -- A Proposal for Southern Baptist cooperation -- Study questions.
526 _aSEG42
526 _aSEG41
526 _aSEG40
526 _aSEG39
526 _aP94
526 _aP87
526 _aP86
526 _aP85
526 _aP77
526 _aP76
526 _aP35
650 4 _aObra evangelistica.
650 4 _aGran comision.
910 _adbm
_brri
_crri
_d20181213
942 _2ddc
_cBOOK
994 _aC0
_bPEPRU
596 _a1
999 _a286 H53
_wDEWEY
_c30495
_i79350
_f2021-11-11
_g5
_lCCODEBUL1
_mBUL
_p7.50
_r0
_sY
_tBOOK
_u2018-12-13
_xTEOLOGIA
_PP85
_0DONACION
_1FCOMPR2
_o.STAFF. Colección Teología
_d30495
980 _81
_gALBERTO SANCHEZ Responsable de Automatización